000 00540nam a2200181 a 4500
003 BD-DhJNU
005 20250210043539.0
008 250204s1945 ii a b 001 0 eng
040 _aBD-DhJNU
_bENG
_cBD-DhJNU
_dBD-DhJNU
082 0 0 _a150.19 BEP
_223
100 1 _aBernhardt, Karl S.
245 1 0 _aPractical psychology /
_cKarl S. Bernhardt
260 _aNew York:
_bMcGraw-Hill,
_c1945.
300 _ax, 318 p. :
_bill. ;
_c21 cm.
504 _aIncludes bibliographical references and index.
650 0 _aPractical Psychology
942 _cBK
999 _c1283
_d1283